La autonomía universitaria / (Record no. 5097)
[ view plain ]
| 000 -CABECERA | |
|---|---|
| campo de control de longitud fija | 00705nam a2200193 a 4500 |
| 005 - FECHA Y HORA DE LA ÚLTIMA TRANSACCIÓN | |
| campo de control | 20240703063737.0 |
| 008 - ELEMENTOS DE LONGITUD FIJA--INFORMACIÓN GENERAL | |
| campo de control de longitud fija | 991125s1975 mx 000 0 spa u |
| 035 ## - NÚMERO DE CONTROL DEL SISTEMA | |
| Número de control de sistema | UPN01000005097 |
| 049 ## - COLECCIÓN | |
| Colección | F |
| 050 #4 - SIGNATURA TOPOGRÁFICA DE LA BIBLIOTECA DEL CONGRESO | |
| Número de clasificación | LE7.2913 U265 |
| Número de documento/Ítem | D412 no.66 |
| 100 1# - ASIENTO PRINCIPAL--NOMBRE PERSONAL | |
| Nombre de persona | Bueno, Miguel, |
| Fechas asociadas al nombre | 1923-2000 |
| 9 (RLIN) | 30372 |
| 245 13 - MENCIÓN DE TÍTULO | |
| Título | La autonomía universitaria / |
| Mención de responsabilidad, etc. | Miguel Bueno. |
| 260 ## - PUBLICACIÓN, DISTRIBUCIÓN, ETC. | |
| Lugar de publicación, distribución, etc. | México : |
| Nombre del editor, distribuidor, etc. | UNAM, Dirección General de Difusión Cultural, Departamento de Humanidades, |
| Fecha de publicación, distribución, etc. | 1975. |
| 300 ## - DESCRIPCIÓN FÍSICA | |
| Extensión | 24 p. |
| 440 #0 - MENCIÓN DE SERIE/ASIENTO SECUNDARIO--TÍTULO | |
| Título | Deslinde. |
| Nombre de parte o sección de la obra | Cuadernos de cultura política universitaria ; |
| Designación de volumen o secuencia | 66 |
| 610 24 - ASIENTO SECUNDARIO DE MATERIA - NOMBRE CORPORATIVO | |
| Nombre de entidad corporativa o nombre de jurisdicción como elemento de entrada | UNIVERSIDAD NACIONAL AUTONOMA DE MEXICO - |
| Subdivisión general | LEYES Y REGLAMENTOS |
| 9 (RLIN) | 27766 |
| 650 #4 - ASIENTO SECUNDARIO DE MATERIA - TERMINO TEMATICO | |
| Término de materia o nombre geográfico como elemento de entrada | Autonomía en la educación |
| 9 (RLIN) | 3083 |
| 905 ## - TIPO DE MATERIAL | |
| Tipo de material | Libro |
| Estado de retiro | Estado de pérdida | Fuente del sistema de clasificación o colocación | Estado dañado | No para préstamo | Código de colección | Localización permanente | Ubicación/localización actual | Ubicación en estantería | Fecha de adquisición | Clasificación | Código de barras | Fecha visto por última vez | Número de copia | Tipo de ítem Koha |
|---|---|---|---|---|---|---|---|---|---|---|---|---|---|---|
| Library of Congress Classification | Disponible (Préstamo en sala) | Folletería | Bib. Gregorio Torres Quintero | Bib. Gregorio Torres Quintero | Colecciones especiales Planta alta | 04/05/2023 | LE7.2913 U265 D412 no.66 | 17610F | 31/12/2020 | 1 | Folleto |
